| 000 | 00776nam a2200217 a 4500 | ||
|---|---|---|---|
| 001 | 000006755 | ||
| 005 | 20240412074204.0 | ||
| 008 | 090902s1985 dr 000 p spa d | ||
| 040 |
_aDO-SdBNP _bspa _cBNPHU |
||
| 082 |
_aRD861. 44 _bA581m |
||
| 100 | 1 |
_aAngeles, Francisco _d1954- _918801 |
|
| 245 | 1 | 0 |
_aMi visión desde el mundo médico / _cFrancisco Angeles; Prólogo Jeorge Chachín H. |
| 260 |
_aSanto Domingo : _bUniversitaria, _c1985. |
||
| 300 |
_a100 p. : _bil. ; _c21 cm. |
||
| 500 | _aIncluye datos biográficos del autor en la contracubierta. | ||
| 590 | _aInventariado, 2018/VM | ||
| 650 | 0 |
_aPoesía dominicana _966 |
|
| 650 | 4 |
_aMedicina _xEnsayos, conferencias, etc. _918802 |
|
| 650 | 0 |
_aLiteratura dominicana. _967 |
|
| 910 | _aValidado. Control de calidad MFF | ||
| 999 |
_c6543 _d6543 |
||